00887nam a2200265 a 4500003000400000005001700004008004100021015001600062017004600078020001800124040001700142100002200159245010400181250001700285260003300302300002700335490003000362504001200392546004000404600002800444650005400472651004800526700001700574830003000591OSt20211203123042.0060602s2005 spc|||||| 001 ||spa  aLL20062bnc aDL B. 10376-2021bBiblioteca de Catalunya a9788433926241 aCDMRc0bcat1 aAnderson, Jon Lee13aLa Caída de Bagdad /cJon Lee Anderson ; prólogo de Carol Pires ; traducción de Jaime Zulaika a2abedició aBarcelona :bAnagrama,c2021 a553 pàgines ;c22 cm1 aCrónicas Anagrama ;v69 aÍndex aTraducció de: The Fall of Baghdad17aHussein, Saddam,2lemac 0aGuerra d'Iraq, 2003-20112lemacxRelats personals 7aIraqxPolítica i governy1991-20032lemac aPires, Carol 0aCrónicas Anagrama ;v69